People of India : (Record no. 4649)

MARC details
000 -LEADER
fixed length control field 00634cam a2200229ua 4500
008 - FIXED-LENGTH DATA ELEMENTS--GENERAL INFORMATION
fixed length control field 120924n ii |||gr||||Z||||||eng
020 ## - INTERNATIONAL STANDARD BOOK NUMBER
International Standard Book Number 81-7046-126-X
040 ## - CATALOGING SOURCE
Transcribing agency MAIN
082 ## - DEWEY DECIMAL CLASSIFICATION NUMBER
Classification number 305.8
100 1# - MAIN ENTRY--PERSONAL NAME
Personal name Singh, K.S.,
Relator term
245 10 - TITLE STATEMENT
Title People of India :
Remainder of title Tripura /
Statement of responsibility, etc. ed. by Singh, K.S.
250 ## - EDITION STATEMENT
Remainder of edition statement V. xli.
260 ## - PUBLICATION, DISTRIBUTION, ETC.
Place of publication, distribution, etc. Calcutta:
Name of publisher, distributor, etc. Anthropological survey of India,
Date of publication, distribution, etc. 1996.
300 ## - PHYSICAL DESCRIPTION
Extent xix, 553p.
700 ## - ADDED ENTRY--PERSONAL NAME
Personal name Ganchaudhuri, Jagadish,
Relator term
700 ## - ADDED ENTRY--PERSONAL NAME
Personal name Sailo, S.,
Relator term
700 ## - ADDED ENTRY--PERSONAL NAME
Personal name Datta, M.S.,
Relator term
942 ## - ADDED ENTRY ELEMENTS (KOHA)
Koha item type Books
653 ## - INDEX TERM--UNCONTROLLED
Uncontrolled term Sociology
653 ## - INDEX TERM--UNCONTROLLED
Uncontrolled term Ethnic people of Tripura
Holdings
Withdrawn status Lost status Damaged status Not for loan Home library Current library Shelving location Date acquired Total Checkouts Full call number Barcode Date last seen Copy number Price effective from Koha item type
        Central Library, Naharkatiya College Central Library, Naharkatiya College General Stacks 19/09/2020   305.8Sociology | PEO 17365 19/09/2020 1 19/09/2020 Books

Naharkatiya College © 2020. All rights reserved.

Powered By